000 01228nam a22003737a 4500
001 000032620
003 CHAP
005 20220329135135.0
008 971013s1964 r 00010 d
010 _a31567
011 _a32539
035 _a36654
040 _cCHAP
090 _aFolleto 835
100 0 0 _aLópez, José Elías.
_968462
245 1 0 _aUtilización de las compuertas como estructura de aforo.
260 _aCaracas :
_bMinisterio de Obras Públicas. Dirección de Obras Hidráulicas,
_c1964.
300 _a41 h. :
_b: ilus.
490 1 _aColección riego. Serie técnica
_v; 2
500 _a1 c. en bodega
590 _aBATCH-UPD
_b10
_c20130110
_lUCH01
_h1302
590 _aBATCH-UPD
_b10
_c20130410
_lUCH01
_h0820
590 _aBATCH-UPD
_b10
_c20130914
_lUCH01
_h1005
590 _aCONVERSION
_b10
_c20130109
_lUCH01
_h1318
590 _aE5995AHE
_b05
_c20141118
_lUCH01
_h0957
650 1 4 _aCorrientes de agua
_xMedición.
_928261
650 1 4 _aPresas.
_991480
830 0 _aColección riego. Serie técnica
_v; 2
_924972
901 _aBK
942 _cFOLL
942 _n0
949 _aFolleto 835
_bBC
_cFOLL
_d-84417
_eTS1
_i36654
_mD
_si
949 _aFolleto 835
_bBC
_cFOLL
_d-84418
_eTS2
_fc.2
_i36654
_mD
_si
999 _c31567
_d31567